000 00932nas a2200253 i 4500
001 252
003 ES-MaACL
005 20250809062525.0
007 t|
008 950801d18621913fr | | 1 ||re d
245 0 0 _aArchives parlementaires de 1787 à 1860 :
_brecueil complet des débats législatifs et politiques des Chambres françaises /
_cfondé par M. Mavidal et E. Laurent.
260 _aParis :
_bPaul Dupont,
_c1862-1913.
300 _a210 v. ;
_c28 cm.
362 1 _aT. I, s. 1 (1787), s. 2 (1800)
500 _aLos índices van colocados junto con la revista.
505 8 _aContiene: 1 série (1787 à 1799). - 2 série (1800 à 1860)
650 1 7 _aDerecho
_2embne
_911602
651 4 _aFrancia-
_xHistoria-
_y1789-1799, Revolución-
_vFuentes.
_9162626
700 1 _aMavidal, Jerôme.
_9165278
700 1 _aLaurent, Emile.
_9165279
852 _aES-MaACL
_jHem-328
866 0 _o1787-1860
999 _c252
_d252